Central Library OPAC University of Rajshahi
Normal view MARC view

Entry Personal Name

Number of records used in: 3

001 - CONTROL NUMBER

  • control field: 12947

003 - CONTROL NUMBER IDENTIFIER

  • control field: BD-RjUL

005 - DATE AND TIME OF LATEST TRANSACTION

  • control field: 20240509131504.0

008 - FIXED-LENGTH DATA ELEMENTS

  • fixed length control field: 240509|| aca||aabn | a|a d

040 ## - CATALOGING SOURCE

  • Original cataloging agency: BD-RjUL
  • Transcribing agency: BD-RjUL

100 ## - HEADING--PERSONAL NAME

  • Personal name: Mannan, Shaikh Abdul

670 ## - SOURCE DATA FOUND

  • Source citation: Work cat.: (BD-RjUL)83711: Mannan, Shaikh Abdul, Selection of Potential Crosses for High Yield and Against White Leaf Disease of Sugarcane (Saccharum Officinarum) /, 1996